| 000 | 00618cam a22002171 4500 | ||
|---|---|---|---|
| 001 | ne 63000489 | ||
| 003 | DLC | ||
| 005 | 20260227111742.0 | ||
| 008 | 921001s1962 ua 000 0 ara | ||
| 010 | _ane 63000489 | ||
| 035 | _a(OCoLC)26989083 | ||
| 040 |
_aDLC _cNNC-L _dDLC |
||
| 042 | _apremarc | ||
| 043 | _af-ua--- | ||
| 050 | 0 | 0 |
_aKRM874 _b.S52 1962 |
| 100 | 1 | _aShanab, Muḥammad Labīb. | |
| 245 | 1 | 0 |
_aSharḥ aḥkām ʻaqd al-bayʻ _c[taʼlīf] Muḥammad Labīb Shanab. |
| 260 |
_a[al-Qāhirah] _bDār al-Nahḍah al-ʻArabīyah, _c1962. |
||
| 300 |
_a314 p. _c24 cm. |
||
| 650 | 0 |
_aContracts _zEgypt. |
|
| 999 |
_c45659 _d45659 |
||